00460 a2200181 4500260001200000630003900012650002600051100001600077260002900093245005800122300000900180650003400189260000900223300000900232100000700241037001200248020001800260 aAbidjan a33 - Economie - Economie politique a3 - SCIENCES SOCIALES aAmin, Samir bLes éditions de minuit aLe développement du capitalisme en Côte d'Ivoire  a336p aCôte d'Ivoire : capitalisme c1975 b22cm lFr aDE 2632 a2-7073-0080-2